| 000 | 00841nam a2200253 i 4500 | ||
|---|---|---|---|
| 003 | DO-SdBNP | ||
| 005 | 20250206101005.0 | ||
| 007 | ta | ||
| 008 | 091110t1927 dr 001 f spa d | ||
| 040 |
_aDO-SdBNP _bspa _cBNPHU _erda |
||
| 082 | 4 |
_a398.097293 _b J61a _222 |
|
| 100 | 1 |
_aDisla, Edwin, _d1961- _eautor _928921 |
|
| 245 | 1 | 3 |
_aAl amor del bohio : _btradiciones y costumbres dominicana / _cR. Emilio Jiménez |
| 264 |
_aSanto Domingo : _bVirgilio Montalvo-Editores, _c1927. |
||
| 300 |
_av. volumen ; _c22 cm. |
||
| 336 |
_2rdacontent _atexto _btxt |
||
| 337 |
_2rdamedia _asin mediación _bn |
||
| 338 |
_2rdacarrier _avolumen _bnc |
||
| 590 | _aInventariado, 2023/DG | ||
| 650 | 0 |
_aNovela dominicana _zRepública Dominicana _9223 |
|
| 650 | 0 |
_aLiteratura dominicana. _xVida social y costumbres _967 |
|
| 910 | _aDG | ||
| 942 |
_2ddc _cLBS1 |
||
| 999 |
_c55471 _d55471 |
||